The leadership challenge : (Record no. 345195)
[ view plain ]
| 000 -LEADER | |
|---|---|
| fixed length control field | 01047 a2200241 4500 |
| 020 ## - INTERNATIONAL STANDARD BOOK NUMBER | |
| International Standard Book Number | 1555420613 |
| 020 ## - INTERNATIONAL STANDARD BOOK NUMBER | |
| International Standard Book Number | 9781555420611 |
| 082 04 - DEWEY DECIMAL CLASSIFICATION NUMBER | |
| Classification number | 658.4092 |
| 090 ## - LOCALLY ASSIGNED LC-TYPE CALL NUMBER (OCLC); LOCAL CALL NUMBER (RLIN) | |
| -- | 2704 |
| -- | 2704 |
| 100 1# - MAIN ENTRY--PERSONAL NAME | |
| Personal name | Kouzes, James M. |
| 245 14 - TITLE STATEMENT | |
| Title | The leadership challenge : |
| Remainder of title | how to get extraordinary things done in organizations / |
| Statement of responsibility, etc. | James M. Kouzes. |
| 250 ## - EDITION STATEMENT | |
| Edition statement | 1st ed. |
| 260 ## - PUBLICATION, DISTRIBUTION, ETC. | |
| Place of publication, distribution, etc. | [S.l.] : |
| Name of publisher, distributor, etc. | Jossey-Bass, |
| Date of publication, distribution, etc. | 1987. |
| 300 ## - PHYSICAL DESCRIPTION | |
| Extent | 362 p. ; |
| Dimensions | 23 cm. |
| 490 1# - SERIES STATEMENT | |
| Series statement | Jossey-bass management series. |
| 500 ## - GENERAL NOTE | |
| General note | Hardcover. |
| 520 ## - SUMMARY, ETC. | |
| Summary, etc. | Through research, interviews and the experience of hundreds of managers, Kouzes and Posner show how leadership can be learned and mastered by all. "Readable, interesting, and up-to-date. Highly recommended."--Library Journal. |
| 700 1# - ADDED ENTRY--PERSONAL NAME | |
| Personal name | Posner, Barry Z. |
| 830 #0 - SERIES ADDED ENTRY--UNIFORM TITLE | |
| Uniform title | Jossey-bass management series. |
| 856 40 - ELECTRONIC LOCATION AND ACCESS | |
| Materials specified | Amazon.com |
| Uniform Resource Identifier | <a href="http://www.amazon.com/exec/obidos/ASIN/1555420613/chopaconline-20">http://www.amazon.com/exec/obidos/ASIN/1555420613/chopaconline-20</a> |
| 856 40 - ELECTRONIC LOCATION AND ACCESS | |
| Materials specified | Amazon customer reviews |
| Uniform Resource Identifier | <a href="http://www.chopac.org/cgi-bin/tools/azrev.pl?q=1555420613">http://www.chopac.org/cgi-bin/tools/azrev.pl?q=1555420613</a> |
| 942 ## - ADDED ENTRY ELEMENTS (KOHA) | |
| Institution code [OBSOLETE] | NBS |
| Koha item type | Book |
| Call number prefix | 658.4092 LOU |
| Withdrawn status | Lost status | Damaged status | Not for loan | Permanent Location | Current Location | Date acquired | Total Checkouts | Full call number | Barcode | Date last seen | Price effective from | Koha item type |
|---|---|---|---|---|---|---|---|---|---|---|---|---|
| Central Library (CL) | Central Library (CL) | 08/28/2013 | 658.4092 LOU | NBS1385 | 08/28/2013 | 08/28/2013 | Book | |||||
| Central Library (CL) | Central Library (CL) | 08/28/2013 | 658.4092 LOU | NBS73 | 08/28/2013 | 08/28/2013 | Book |
